<?xml version="1.0" encoding="UTF-8"?>
<record
    xmlns:xsi="http://www.w3.org/2001/XMLSchema-instance"
    xsi:schemaLocation="http://www.loc.gov/MARC21/slim http://www.loc.gov/standards/marcxml/schema/MARC21slim.xsd"
    xmlns="http://www.loc.gov/MARC21/slim">

  <leader>03376nam a2200409 a 4500</leader>
  <controlfield tag="001">dia_474</controlfield>
  <controlfield tag="003">CHAP</controlfield>
  <controlfield tag="005">20250922093038.0</controlfield>
  <controlfield tag="008">220117s1995    mx ad  frm    001 0 spa d</controlfield>
  <datafield tag="010" ind1=" " ind2=" ">
    <subfield code="a">171026</subfield>
  </datafield>
  <datafield tag="040" ind1=" " ind2=" ">
    <subfield code="a">mxchpua</subfield>
    <subfield code="c">CHAP</subfield>
  </datafield>
  <datafield tag="041" ind1="0" ind2=" ">
    <subfield code="a">spa</subfield>
  </datafield>
  <datafield tag="090" ind1=" " ind2=" ">
    <subfield code="a">Tesis</subfield>
    <subfield code="b">E872</subfield>
    <subfield code="c">1995</subfield>
  </datafield>
  <datafield tag="100" ind1="1" ind2=" ">
    <subfield code="a">Espinoza Espinoza, Ricardo</subfield>
  </datafield>
  <datafield tag="245" ind1="1" ind2="0">
    <subfield code="a">Utilizaci&#xF3;n de las atm&#xF3;sferas controladas (A. C.) como coadyuvante de la refrigeraci&#xF3;n en la conservaci&#xF3;n de frutos de aguacate (Persea americana, Mill) C. V. Hass /</subfield>
    <subfield code="c">Ricardo Espinoza Espinoza</subfield>
  </datafield>
  <datafield tag="264" ind1=" " ind2=" ">
    <subfield code="a">Chapingo, M&#xE9;xico :</subfield>
    <subfield code="b">El autor,</subfield>
    <subfield code="c">1995</subfield>
  </datafield>
  <datafield tag="300" ind1=" " ind2=" ">
    <subfield code="a">76 hojas :</subfield>
    <subfield code="b">ilustraciones, tablas, gr&#xE1;ficas</subfield>
  </datafield>
  <datafield tag="336" ind1=" " ind2=" ">
    <subfield code="2">rdacontent</subfield>
    <subfield code="a">texto</subfield>
    <subfield code="b">txt</subfield>
  </datafield>
  <datafield tag="337" ind1=" " ind2=" ">
    <subfield code="2">rdamedia</subfield>
    <subfield code="a">no mediado</subfield>
    <subfield code="b">n</subfield>
  </datafield>
  <datafield tag="338" ind1=" " ind2=" ">
    <subfield code="2">rdacarrier</subfield>
    <subfield code="a">volumen</subfield>
    <subfield code="b">nc</subfield>
  </datafield>
  <datafield tag="502" ind1=" " ind2=" ">
    <subfield code="a">Tesis</subfield>
    <subfield code="b">(Ingeniero Agroindustrial) --</subfield>
    <subfield code="c">UACh. Departamento de Ingenier&#xED;a Agroindustrial,</subfield>
    <subfield code="d">1995</subfield>
  </datafield>
  <datafield tag="504" ind1=" " ind2=" ">
    <subfield code="a">Bibliograf&#xED;a: hojas 66-69</subfield>
  </datafield>
  <datafield tag="520" ind1="3" ind2=" ">
    <subfield code="a">M&#xE9;xico es el principal productor de aguacate a nivel mundial, sin embargo no figura entre los principales paises exportadores, debido entre otros factores a problemas en el manejo postcosecha, tales como el ablandamiento excesivo, da&#xF1;os por frio y las pudriciones. Diversos investigadores han encontrado que al utilizar atm&#xF3;sferas controladas en la frigoconservaci&#xF3;n, los da&#xF1;os por fr&#xED;o se ven reducidosconsiderablemente y la actividad metab&#xF3;lica es disminu&#xED;da. En esta investigaci&#xF3;n se evalu&#xF3; el uso combinado de atm&#xF3;sfera controlada (A.C.)y temperatura en la frigoconservaci&#xF3;n de frutos de aguacate c.v."Hass". Se emplearon dos composiones gaseosas (13% CO2 +2% 02 y 9%CO2 +2%02)combinadas con dos temperaturas (3 y 8 C) por dos tiempos de almacenamiento (2 y 4 semanas). Evaluando el efecto combinado de A.C. y Temperatura sobre la maduraci&#xF3;n y calidad final de frutos de aguacate c.v."Hass", determinando el patr&#xF3;n respiratorio, p&#xE9;rdidas de peso y los da&#xF1;os por frio. Los resultados indicant que al conservar los frutos solo con la refrigeraci&#xF3;n,&#xE9;stos pueden llegar a la madurez si los tiempos de almacenamiento se ven incrementados; efecto que es disminuido al bajar a&#xFA;n m&#xE1;s las temperaturas, sin embargo los da&#xF1;os por frio son favorecidos. El utilizar atm&#xF3;sferas controdadas de 13% CO2 + 2%02 y 9%CO2+2%02 son igualmente efectivas en la disminuci&#xF3;n de los da&#xF1;os por frio, obteni&#xE9;ndose mejores resultados con 13% CO2. La calidad final de los frutos es excelente, as&#xED; mismo se reducen significativamente los procesos metab&#xF3;licos, dado que los patrones de maduraci&#xF3;n y respiraci&#xF3;n se comportan de formar similar a los que manifiestan los frutos conservados a temperatura ambiente</subfield>
  </datafield>
  <datafield tag="650" ind1="1" ind2="3">
    <subfield code="a">Aguacate</subfield>
    <subfield code="x">Almacenamiento bajo atm&#xF3;sfera controlada  </subfield>
    <subfield code="2">atg</subfield>
  </datafield>
  <datafield tag="650" ind1="1" ind2="3">
    <subfield code="a">Aguacate</subfield>
    <subfield code="x">Preservaci&#xF3;n de alimentos  </subfield>
    <subfield code="2">atg</subfield>
  </datafield>
  <datafield tag="650" ind1="1" ind2="3">
    <subfield code="a">Aguacate</subfield>
    <subfield code="x">Propiedades fisicoqu&#xED;micas  </subfield>
    <subfield code="2">atg</subfield>
  </datafield>
  <datafield tag="650" ind1="1" ind2="3">
    <subfield code="a">Avocados</subfield>
    <subfield code="x">Controlled atmosphere storage  </subfield>
    <subfield code="2">atg</subfield>
  </datafield>
  <datafield tag="650" ind1="1" ind2="3">
    <subfield code="a">Avocados</subfield>
    <subfield code="x">Food preservation  </subfield>
    <subfield code="2">atg</subfield>
  </datafield>
  <datafield tag="650" ind1="1" ind2="3">
    <subfield code="a">Avocados</subfield>
    <subfield code="x">Physicochemical properties</subfield>
    <subfield code="2">atg</subfield>
  </datafield>
  <datafield tag="700" ind1="1" ind2=" ">
    <subfield code="a">Corrales Garc&#xED;a, Jos&#xE9; Joel Enrique</subfield>
    <subfield code="e">director</subfield>
  </datafield>
  <datafield tag="700" ind1="1" ind2=" ">
    <subfield code="a">Valle Guadarrama, Salvador</subfield>
    <subfield code="e">asesor</subfield>
  </datafield>
  <datafield tag="700" ind1="1" ind2=" ">
    <subfield code="a">Esparza Torres, F&#xE9;lix</subfield>
    <subfield code="e">asesor</subfield>
  </datafield>
  <datafield tag="901" ind1=" " ind2=" ">
    <subfield code="a">TESIS E872 1995</subfield>
  </datafield>
  <datafield tag="902" ind1=" " ind2=" ">
    <subfield code="a">M</subfield>
  </datafield>
  <datafield tag="905" ind1=" " ind2=" ">
    <subfield code="a">0000001995                          mx     0000000000spa00</subfield>
  </datafield>
  <datafield tag="942" ind1=" " ind2=" ">
    <subfield code="c">TESIS</subfield>
    <subfield code="2">Clasificaci&#xF3;n Universidad Aut&#xF3;noma Chapingo</subfield>
  </datafield>
  <datafield tag="999" ind1=" " ind2=" ">
    <subfield code="c">171026</subfield>
    <subfield code="d">171026</subfield>
  </datafield>
  <datafield tag="952" ind1=" " ind2=" ">
    <subfield code="0">0</subfield>
    <subfield code="1">0</subfield>
    <subfield code="2">local</subfield>
    <subfield code="4">0</subfield>
    <subfield code="5">1</subfield>
    <subfield code="7">0</subfield>
    <subfield code="8">TESIS</subfield>
    <subfield code="a">IA_</subfield>
    <subfield code="b">IA_</subfield>
    <subfield code="d">2022-01-18</subfield>
    <subfield code="e">El autor</subfield>
    <subfield code="l">0</subfield>
    <subfield code="o">Tesis E872 1995</subfield>
    <subfield code="p">1101011279</subfield>
    <subfield code="r">2026-02-02 00:00:00</subfield>
    <subfield code="t">Ej.1</subfield>
    <subfield code="w">2022-01-18</subfield>
    <subfield code="y">TESIS</subfield>
  </datafield>
  <datafield tag="952" ind1=" " ind2=" ">
    <subfield code="0">0</subfield>
    <subfield code="1">0</subfield>
    <subfield code="2">local</subfield>
    <subfield code="4">0</subfield>
    <subfield code="5">5</subfield>
    <subfield code="7">0</subfield>
    <subfield code="8">TESIS</subfield>
    <subfield code="a">IA_</subfield>
    <subfield code="b">IA_</subfield>
    <subfield code="d">2022-01-18</subfield>
    <subfield code="e">El autor</subfield>
    <subfield code="l">0</subfield>
    <subfield code="o">Tesis E872 1995</subfield>
    <subfield code="p">1101015987</subfield>
    <subfield code="r">2026-02-02 00:00:00</subfield>
    <subfield code="t">Ej.2</subfield>
    <subfield code="w">2022-01-18</subfield>
    <subfield code="y">TESIS</subfield>
  </datafield>
</record>
